कीर्ति लता और अवहट्ट भाषा (Record no. 100837)

MARC details
000 -LEADER
fixed length control field 00881nam a2200229Ia 4500
003 - CONTROL NUMBER IDENTIFIER
control field OSt
005 - DATE AND TIME OF LATEST TRANSACTION
control field 20250908112114.0
008 - FIXED-LENGTH DATA ELEMENTS--GENERAL INFORMATION
fixed length control field 220915b |||||||| |||| 00| 0 hin d
037 ## - SOURCE OF ACQUISITION
Terms of availability TB
040 ## - CATALOGING SOURCE
Language of cataloging hin
Original cataloging agency ARTS
Transcribing agency ARTS
041 ## - LANGUAGE CODE
Language code of text/sound track or separate title hin
084 ## - COLON CLASSIFICATION NUMBER
Classification number O152,1H50,11:g J5;K4
Assigning agency AL
100 ## - MAIN ENTRY--PERSONAL NAME
Personal name शिवप्रसाद सिंह
9 (RLIN) 820165
245 #0 - TITLE STATEMENT
Title कीर्ति लता और अवहट्ट भाषा
246 ## - VARYING FORM OF TITLE
Title proper/short title Kīrti latā aur avahaṭṭa bhāṣhā
250 ## - EDITION STATEMENT
Edition statement संस्क0 2
260 ## - PUBLICATION, DISTRIBUTION, ETC.
Place of publication, distribution, etc. वाराणसी
Name of publisher, distributor, etc. हिन्दी प्रचारक पुस्तकालय भारत
Date of publication, distribution, etc. 1964
300 ## - PHYSICAL DESCRIPTION
Extent 381 पृ0
Dimensions cm.
650 ## - SUBJECT ADDED ENTRY--TOPICAL TERM
Topical term or geographic name entry element हिन्दी साहित्य
9 (RLIN) 820166
942 ## - ADDED ENTRY ELEMENTS (KOHA)
Classification part O152,1H50,11:g J5;K4
Koha item type Textbook
Source of classification or shelving scheme Colon Classification (CC)
Suppress in OPAC No
Holdings
Withdrawn status Lost status Damaged status Not for loan Home library Current library Date acquired Total Checkouts Full call number Barcode Date last seen Price effective from Koha item type
        Arts Library Arts Library 2022-09-16   O152,1H50,11:g K4 AL0486220 2022-09-16 2022-09-16 Textbook
Copyright @ Delhi University Library System